00989cam a22002894a 4500999001900000001000900019003000500028005001700033008004100050010001700091020001500108038001100123040001800134042000800152050002700160082001800187100002600205245010200231260003200333300003300365504006600398650003400464650003800498906004500536942001200581952010600593 c522517d52251712858355NUST20181030112550.0020717s2003 nyua b 001 0 eng  a 2002011301 a0814407455 aWASEEM aDLCcDLCdDLC apcc00aHF5549.5.T7bT256 200300a658.3124bTAM1 aTamblyn, Doni.91242410aLaugh and learn :b95 ways to use humor for more effective teaching and training /cDoni Tamblyn. aNew York :bAMACOM,cc2003. axv, 256 p. :bill. ;c24 cm. aIncludes bibliographical references (p. [231]-234) and index.00aEmployeesxTraining of.98106 0aWit and humor in business.912425 a7bcbccorignewd1eecipf20gy-gencatlg 2ddccBK 00102ddc4070aCLbCLd2018-10-30l3o658.3124 TAMpCL-D-37r2023-08-24s2023-01-17w2018-10-30yBK